000 01073nam a2200241 a 4500
001 000023760
005 20250924073802.0
008 110113s2004 dr 001 0 spa d
020 _a9993477400
040 _aDO-SdBNP
_bspa
_cBNPHU
111 2 _aEncuentro internacional de escritores "Pablo Neruda".
_c(Santo Domingo
_d1983: sept., 11)
_948917
245 1 0 _aEncuentro internacional de escritores "Pablo Neruda". /
_ccoordinador Mateo Morrison : presentación Porfirio García Fernández.
246 1 4 _aActas y documentos:
_bencuentro internacional de escritores "Pablo Neruda"
260 _aSanto Domingo :
_bUniversidad Autónoma de Santo Domingo,
_c2004.
300 _a121 p. ;
_c20 cm.
490 1 _aPublicaciones de la Universidad Autónoma de Santo Domingo
_v1145
490 1 _aLiteratura y sociedad
_vno. 42
700 1 _aMorrison, Mateo,
_d1947-
_ecoor.
_91469
700 1 _aGarcía Fernández, Porfirio
_917488
830 _aPublicaciones de la Universidad Autónoma de Santo Domingo
_v1145
_952
830 0 _aLiteratura y sociedad
_vno. 42
_912032
049 _aBNPD
999 _c23256
_d23256